La doctrine fiscale en france (1987 - 1999) : Recueil de références bibliographiques commentées
保存先:
| 第一著者: | |
|---|---|
| フォーマット: | 図書 |
| 言語: | Undetermined |
| 出版事項: |
Paris, Fre.
Litec
2000
|
| 主題: | |
| タグ: |
タグ追加
タグなし, このレコードへの初めてのタグを付けませんか!
|
| Thư viện lưu trữ: | Trung tâm Học liệu Trường Đại học Cần Thơ |
|---|
| LEADER | 00599nam a2200205Ia 4500 | ||
|---|---|---|---|
| 001 | CTU_61603 | ||
| 008 | 210402s9999 xx 000 0 und d | ||
| 082 | |a 336.3 | ||
| 082 | |b G877 | ||
| 100 | |a Grosclaude, Jacques | ||
| 245 | 0 | |a La doctrine fiscale en france (1987 - 1999) : | |
| 245 | 0 | |b Recueil de références bibliographiques commentées | |
| 245 | 0 | |c Jacques Grosclaude | |
| 260 | |a Paris, Fre. | ||
| 260 | |b Litec | ||
| 260 | |c 2000 | ||
| 650 | |a Fiscal policy,Finance, public | ||
| 650 | |z French | ||
| 904 | |i Minh,Hải | ||
| 980 | |a Trung tâm Học liệu Trường Đại học Cần Thơ | ||